000 00483cam a2200181ua 4500
001 10818
008 190406n ii |||gr||||Z||||||eng
020 _a9788176257732
040 _cMAIN
082 _a420
100 _aN shantha Naik,
_eAuthor.
245 _aTeaching english language through literature
_cBy N Shantha Naik
250 _a1st ed.
260 _aNew Delhi:
_bSarup book publishers pvt ltd,
_c2011.
300 _a119p.
653 _aEnglish & Old English
942 _cBK
999 _c9778
_d9778